এ্যানাটমি শিক্ষা / (Record no. 70948)
[ view plain ]
| 000 -LEADER | |
|---|---|
| fixed length control field | 00852nam a2200241 a 4500 |
| 001 - CONTROL NUMBER | |
| control field | 70948 |
| 003 - CONTROL NUMBER IDENTIFIER | |
| rucl marc code | BD-RjUL |
| 005 - DATE AND TIME OF LATEST TRANSACTION | |
| control field | 20211209082046.0 |
| 008 - FIXED-LENGTH DATA ELEMENTS--GENERAL INFORMATION | |
| fixed length control field | 170423s1994 ii a|||| |||| 00| 0 ben d |
| 020 ## - INTERNATIONAL STANDARD BOOK NUMBER | |
| Terms of availability | : TK. 50.00 |
| 035 ## - SYSTEM CONTROL NUMBER | |
| System control number | (BD-RjUL)71162 |
| 040 ## - CATALOGING SOURCE | |
| Original cataloging agency | BD-RjUL |
| Language of cataloging | ben |
| Transcribing agency | BD-RjUL |
| Modifying agency | BD-RjUL |
| 041 ## - LANGUAGE CODE | |
| Language code of text/sound track or separate title | ben |
| 082 ## - DEWEY DECIMAL CLASSIFICATION NUMBER | |
| Edition number | 23 |
| Classification number | 611 |
| Author mark and year | PAA 1994 |
| 100 ## - MAIN ENTRY--PERSONAL NAME | |
| Personal name | পান্ডে, এস. এন. |
| 9 (RLIN) | 209954 |
| 245 ## - TITLE STATEMENT | |
| Title | এ্যানাটমি শিক্ষা / |
| Statement of responsibility, etc. | এস. এন. পান্ডে |
| 250 ## - EDITION STATEMENT | |
| Edition statement | ১৩ তম সং. |
| 260 ## - PUBLICATION, DISTRIBUTION, ETC. (IMPRINT) | |
| Place of publication, distribution, etc. | কলিকাতা : |
| Name of publisher, distributor, etc. | আদিত্য প্রকাশালয়, |
| Date of publication, distribution, etc. | ১৯৯৪. |
| 300 ## - PHYSICAL DESCRIPTION | |
| Pagination | iv, ২৪০ পৃ. : |
| Illustrations | চিত্র. ; |
| Size | ২৪ সে.মি. |
| 650 ## - SUBJECT ADDED ENTRY--TOPICAL TERM | |
| Topical term or geographic name as entry element | মানব দেহবিদ্যা |
| 9 (RLIN) | 209955 |
| Topical term or geographic name as entry element | Human anatomy |
| 9 (RLIN) | 137277 |
| 942 ## - ADDED ENTRY ELEMENTS (KOHA) | |
| Source of classification or shelving scheme | Dewey Decimal Classification |
| Koha item type | Books |
| Lost status | Source of classification or shelving scheme | Damaged status | Not for loan | Collection code | Permanent Location | Current Location | Shelving location | Date acquired | Source of acquisition | Cost, normal purchase price | Total Checkouts | Full call number | Date last seen | Copy number | Koha item type |
|---|---|---|---|---|---|---|---|---|---|---|---|---|---|---|---|
| Dewey Decimal Classification | Not For Loan | Non-fiction | Central Library, University of Rajshahi | Central Library, University of Rajshahi | Reading Room | 09/12/2021 | Books Pulion, Rajshahi | 50.00 | B 611 PAA 1994 | 23/04/2017 | C-1 | Books |